| 000 | 00932nab a2200289 4500 | ||
|---|---|---|---|
| 003 | BR-BrBNA | ||
| 005 | 20240815100109.0 | ||
| 008 | 240812b bl.||||| |||| 00| 0 por d | ||
| 040 |
_aBR-BrBNA _bpor |
||
| 072 | _aD50 ; Q03 ; E71 | ||
| 100 | _aGazzoni, Décio Luiz | ||
| 245 | _aComércio de frutas | ||
| 500 | _a1 illus. | ||
| 650 | _aFRUTA | ||
| 650 | _aCOMÉRCIO EXTERIOR | ||
| 650 | _aHIGIENE DE ALIMENTO | ||
| 650 | _aQUALIDADE DO ALIMENTO | ||
| 650 | _aRESÍDUO QUÍMICO | ||
| 650 | _aANÁLISE FÍSICA | ||
| 650 | _aANÁLISE QUÍMICA | ||
| 650 | _aANÁLISE BIOLÓGICA | ||
| 650 | _aMÉTODO DE ANÁLISE | ||
| 650 | _aREGULAMENTAÇÃO | ||
| 773 | 0 |
_04604 _9317181 _dPalmas - Tocantins Terranova Gráfica e Editora Jornalística Ltda 2005 _o2024-3805 _tCerrado Rural Agronegócios (Brazil) _x1980-2595 _gv. 3(10) p. 43; (Sep 2005) _wBR2024002421 |
|
| 942 | _cAnalítica | ||
| 999 |
_c300852 _d300852 |
||